000 00335 a2200157 4500
001 180731
020 _a
040 _cMagnum
100 _a-
240 1 0 _aChapeuzinho vermelho/loyola
_lpor
245 1 0 _aChapeuzinho vermelho/loyola
362 0 _a1899
440 1 _aLoyola
697 _aMAGNITO: IJ/FADAS, FANTASIA
942 _cBK
999 _c180731
_d180731